000 01372nam0a22002651 4500
001 rc\4142881
005 20250611105358.0
021 _aRU
_b[50-15343]
035 _a(NLR Aleph) 008164540
090 _a7815290
_c7815290
100 _a20130415d1950 |||y0rusy50 ca
101 0 _arus
_avog
102 _aRU
105 _ay e |||||
200 1 _aРусско-мансийский словарь к книгам для чтения в III и IV классах школ народов Крайнего Севера, составленным С.М. Лазуко и М.Я. Басиной
_fПер. А.Н. Баландина
210 _aЛенинград
_cУчпедгиз. Ленингр. отд-ние
_d1950
_gТип. № 3 Упр. изд-в и полиграфии
215 _a82 с.
_d22
604 _150010$aКнига для чтения в IV классе школ народов Крайнего Севера
_1700#1$aБасчина$bМ.Я.$gМария Яковлевна
604 _150010$aКнига для чтения в III классе школ народов Крайнего Севера
_1700#1$aЛазурко$bС.М.$gСофья Михеевна
702 1 _aБаландин
_bА.Н.
_gАлексей Николаевич
_4730
801 0 _aRU
_bNLR
_gpsbo
801 1 _aRU
_bELAR
_2rusmarc
852 _aNLR
_jЯ60 Г-6/187
942 _cBOOK
980 _aNB